Central Library OPAC University of Rajshahi

المعارف ;; almaarif / (Record no. 82816)

MARC details
000 -LEADER
fixed length control field 00486nam a2200157 a 4500
003 - CONTROL NUMBER IDENTIFIER
rucl marc code BD-RjUL
005 - DATE AND TIME OF LATEST TRANSACTION
control field 20240128130626.0
008 - FIXED-LENGTH DATA ELEMENTS--GENERAL INFORMATION
fixed length control field 240128s1951 l ||||| |||| 00| 0 ara d
035 ## - SYSTEM CONTROL NUMBER
System control number (BD-RjUL)
040 ## - CATALOGING SOURCE
Original cataloging agency BD-RjUL
Language of cataloging eng
Transcribing agency BD-RjUL
041 ## - LANGUAGE CODE
Language code of text/sound track or separate title ara
082 ## - DEWEY DECIMAL CLASSIFICATION NUMBER
Edition number 23
Classification number 297
Author mark and year QUT 1951
245 ## - TITLE STATEMENT
Title المعارف ;; almaarif /
Statement of responsibility, etc. ابي محمد عبدالله بن مسلم بن قتيبة ;; Abu Muhammad Abdullah bin Muslim bin Qutaybah
300 ## - PHYSICAL DESCRIPTION
Pagination 227 p.;
Size 23 cm
942 ## - ADDED ENTRY ELEMENTS (KOHA)
Source of classification or shelving scheme Dewey Decimal Classification
Koha item type Books
Holdings
Lost status Source of classification or shelving scheme Damaged status Not for loan Collection code Permanent Location Current Location Shelving location Date acquired Total Checkouts Full call number Date last seen Copy number Koha item type
  Dewey Decimal Classification   Not For Loan Non-fiction Central Library, University of Rajshahi Central Library, University of Rajshahi Reading Room 28/01/2024   A 297 QUT 1951 28/01/2024 C-1 Books